000 00436cam a2200181ua 4500
020 _c1.00
041 _aeng
_h
082 _a891.43
_bSHA/MA
100 _aSharat, Chandra .
245 _aManjhali didi Badi didi /
_cSharat chandra.
_hTextual Documents
250 _a1 /
_b.
260 _a :
_bHind Pocket books Pvt ltd ,
_c1979.
300 _a112 ; .
365 _a1.00
504 _a
942 _cBK
999 _c2935
_d2935